000
00265 a2200109 4500
005
20250629170123.0
100
_a
UPTON, GRAHAM.
245
_a
A Dictionary of Statistics,
260
_a
Tokyo,
_b
Oxford University Press,
_c
2004.
300
_a
vi,
_c
20cm.
942
_2
ddc
_c
BKS
999
_c
6443
_d
6443